Faktorová analýza a analýza reliability položiek dotazníka na zisťovanie finančnej gramotnosti

Príspevok prezentuje tvorbu a hodnotenie položiek dotazníka skúmajúceho atribúty postojov a správania sa ako súčasť finančnej gramotnosti s akceptovateľnou spoľahlivosťou hodnotenou koeficientom vnútornej konzistencie a validitou hodnotenou faktorovou analýzou.

Enregistré dans:
Détails bibliographiques
Auteur principal: Čonková, Monika, 1976-
Format: Chapitre de livre
Langue:slovaque
Sujets:
Tags: Ajouter un tag
Pas de tags, Soyez le premier à ajouter un tag!

MARC

LEADER 00000nla a2200000 4500
001 0192750
005 20240502073231.6
041 0 |a slo 
044 |a SK 
245 1 0 |a Faktorová analýza a analýza reliability položiek dotazníka na zisťovanie finančnej gramotnosti  |c Monika Čonková 
520 |a Príspevok prezentuje tvorbu a hodnotenie položiek dotazníka skúmajúceho atribúty postojov a správania sa ako súčasť finančnej gramotnosti s akceptovateľnou spoľahlivosťou hodnotenou koeficientom vnútornej konzistencie a validitou hodnotenou faktorovou analýzou. 
610 2 0 |a gramotnosť finančná 
610 2 0 |a meranie 
610 2 0 |a financie 
610 2 0 |a postoje 
610 2 0 |a správanie 
610 2 0 |a dotazníky 
610 2 0 |a analýza faktorová 
100 1 |a Čonková, Monika, 1976-